000 00622nam a2200217 a 4500
001 BRL_1206
005 20190320211101.0
008 281113s19uu----pl-ao#####---#000-0#spa-#
041 _aspa
044 _apl
050 4 _aDK414
_b.P65 1900
245 1 0 _aLa Polonia milenaria
_cVersión española: Anna Rosa y Alvaro Peláez.
260 _aPolonia
_bEdiciones Interpress
_c[19--]
300 _a259 p.
_bil. (algunas a color), mapas
_c27 cm.
500 _aAu1389
651 4 _aPolonia
_xHistoria
_926114
700 1 _aRossa, Anna
_etr.
_926115
700 1 _aPeláez, Alvaro
_etr.
_926116
902 _aGRL
942 _2lcc
_cB
999 _c10018
_d10018